[Event "Baunatal op 8th"]
[Site "Baunatal"]
[Date "2002.08.11"]
[Round "7"]
[White "Massenkeil, Markus"]
[Black "Krischak, Paolo"]
[Result "0-1"]
[WhiteElo "865"]
[BlackElo "1253"]
[PlyCount "50"]
[EventDate "2002.08.09"]
[EventType "swiss"]
[EventRounds "7"]
[EventCountry "GER"]
[SourceTitle "EXT 2003"]
[Source "ChessBase"]
[SourceDate "2002.11.25"]
[SourceVersion "1"]
[SourceVersionDate "2002.11.25"]
[SourceQuality "1"]

1. e4 c5 2. Nf3 Nc6 3. d4 cxd4 4. Nxd4 e6 5. Nc3 Nf6 6. Bc4 d6 7. 0-0 Be7 8. Bf4 a6 9. Bg3 Qc7 10. Qd2 0-0 11. Rae1 b5 12. Bb3 Bd7 13. f4 Nxd4 14. Qxd4 Bc6 15. e5 dxe5 16. Rxe5 Rad8 17. Qe3 Ng4 18. Qe2 Nxe5 19. fxe5 Qb7 20. Rf2 Bc5 21. h3 Rd7 22. Kh2 Bxf2 23. Qxf2 Rfd8 24. Qe2 Rd2 25. Qg4 Rxg2+ 0-1

[Event "Baunatal op 8th"]
[Site "Baunatal"]
[Date "2002.08.10"]
[Round "3"]
[White "Rafiee, Makan"]
[Black "Krischak, Paolo"]
[Result "1-0"]
[WhiteElo "1490"]
[BlackElo "1253"]
[PlyCount "29"]
[EventDate "2002.08.09"]
[EventType "swiss"]
[EventRounds "7"]
[EventCountry "GER"]
[SourceTitle "EXT 2003"]
[Source "ChessBase"]
[SourceDate "2002.11.25"]
[SourceVersion "1"]
[SourceVersionDate "2002.11.25"]
[SourceQuality "1"]

1. e4 c5 2. Nf3 Nc6 3. d4 cxd4 4. Nxd4 d6 5. c4 Nf6 6. Nc3 e6 7. Be2 Be7 8. 0-0 0-0 9. f4 Qb6 10. Be3 Qxb2 11. Na4 Qa3 12. Rf3 Nxe4 13. Bd2 Nc3 14. Bxc3 d5 15. Nb5 1-0

[Event "Baunatal op 8th"]
[Site "Baunatal"]
[Date "2002.08.09"]
[Round "2"]
[White "Krischak, Paolo"]
[Black "Sohl, Jan"]
[Result "0-1"]
[WhiteElo "1253"]
[BlackElo "1712"]
[PlyCount "74"]
[EventDate "2002.08.09"]
[EventType "swiss"]
[EventRounds "7"]
[EventCountry "GER"]
[SourceTitle "EXT 2003"]
[Source "ChessBase"]
[SourceDate "2002.11.25"]
[SourceVersion "1"]
[SourceVersionDate "2002.11.25"]
[SourceQuality "1"]

1. d4 Nf6 2. c4 g6 3. Nc3 Bg7 4. Nf3 0-0 5. Bf4 d6 6. e4 Nbd7 7. Be2 Re8 8. 0-0 e5 9. dxe5 dxe5 10. Bg5 h6 11. Be3 Ng4 12. Bd2 Nc5 13. h3 Nf6 14. Qc2 Ne6 15. Be3 Nd4 16. Qd2 Nxf3+ 17. Bxf3 Qxd2 18. Bxd2 c6 19. Rad1 Be6 20. Be2 Rad8 21. Be3 b6 22. Rd2 Rxd2 23. Bxd2 Rd8 24. Rd1 Kf8 25. Kf1 Rd4 26. Be3 Rxd1+ 27. Bxd1 Bxc4+ 28. Ke1 Ke7 29. f3 Nd7 30. Kd2 Kd6 31. b3 Ba6 32. Na4 Nf8 33. g3 Ne6 34. Kc3 Nd4 35. a3 Ne2+ 36. Kd2 Nxg3 37. f4 Nxe4+ 0-1